000 00539nam a2200193Ia 4500
005 20250923144741.0
008 008 250917s9999 xx 000 0 eng d
037 _aTextual
040 _aDSWL
_beng
_cDSWL
041 _aeng
_2eng
084 _aT.2'N57t4, N60
_qDSWL
245 0 _aRt. of the All India Educational survey
260 _aDelhi
_b Govt. Of India Manager of Publication
_c1960
300 _aix,524p.
365 _aINR
_b14
925 _g14
942 _cTEXL
_hT.2'N57t4, N60
999 _c1442888
_d1442888